[Event "Oberliga Wuerttemberg 2122"]
[Site "Wuerttemberg"]
[Date "2022.05.15"]
[Round "9.8"]
[White "Strobel, Matthias"]
[Black "Kilinc, Can"]
[Result "0-1"]
[WhiteElo "2082"]
[BlackElo "1950"]
[PlyCount "98"]
[EventDate "2021.09.19"]
[EventType "team-tourn"]
[EventRounds "9"]
[EventCountry "GER"]
[SourceTitle "EXT 2024"]
[Source "ChessBase"]
[SourceDate "2023.10.10"]
[SourceVersion "1"]
[SourceVersionDate "2023.10.10"]
[SourceQuality "1"]
[WhiteTeam "Stuttgart SF II"]
[BlackTeam "Schoenaich II"]
[WhiteTeamCountry "GER"]
[BlackTeamCountry "GER"]

1. d4 Nf6 2. c4 g6 3. Nc3 Bg7 4. Nf3 d6 5. Bg5 0-0 6. e3 Nbd7 7. Be2 c5 8. 0-0 h6 9. Bh4 g5 10. Bg3 Nh5 11. Qc2 Nxg3 12. hxg3 Nf6 13. Rad1 Qa5 14. d5 Bg4 15. Nh2 Bxe2 16. Qxe2 Nd7 17. Rc1 a6 18. f4 gxf4 19. gxf4 b5 20. Rf3 b4 21. Ne4 Qxa2 22. Rg3 f5 23. Ng4 fxg4 24. Qxg4 Qxb2 25. Rf1 Rf7 26. Qxd7 Kh8 27. Nxd6 exd6 28. Qxf7 a5 29. f5 Qf6 30. Qb7 Rf8 31. Rg6 Qe5 32. Re6 Qc3 33. Qe7 Rf6 34. Qd8+ Kh7 35. Qxd6 Qxe3+ 36. Rxe3 Rxd6 37. Re6 Bf8 38. Ra1 Rd8 39. Rxa5 Rb8 40. Rb5 Rxb5 41. cxb5 b3 42. b6 b2 43. Re1 c4 44. b7 Bd6 45. Re7+ Kg8 46. b8Q+ Bxb8 47. Re8+ Kf7 48. Rxb8 c3 49. d6 c2 0-1